• 首页
  • 本馆介绍
  • 公告通知
  • 最新文献
  • 馆藏检索
  • 电子资源
  • 读者导购
  • 参考咨询
  • 我的图书馆
  • 登录
  • 详细信息显示
  • 放入我的书架
  • 预约/预借图书
  • 作者相关作品
  • 分类相关作品
  • 丛书相关作品
  • 出版社相关作品

书目信息

  • 表格格式
  • 工作单格式
  • 卡片格式
题名:
摇滚乐速查手册
    
 
作者: ;紫图速查手册编辑部 编著
分册:  
出版信息: 海口   南海出版公司  2003
页数: 440页
开本: 17×14cm
丛书名: 紫图速查手册丛书
单 册:
中图分类: J609.15
科图分类:
主题词: 摇滚乐--音乐史--世界 , 摇滚乐--乐队--简介--世界 , 摇滚乐 , 音乐史 , 乐队
电子资源:
ISBN: 7-5442-2621-2
000 01062oam2 2200313 450
001 1253833924
005 20121019145817.26
010    @a7-5442-2621-2@dCNY48.00
100    @a20030930d2003 em y0chiy50 ea
101 0  @achi
102    @aCN@b460000
105    @aa z 001yd
200 1  @a摇滚乐速查手册@Ayao gun yue su cha shou ce@f紫图速查手册编辑部编著
210    @a海口@c南海出版公司@d2003
215    @a440页@c照片@d17×14cm
225 2  @a紫图速查手册丛书
308    @a丛书第一辑
330    @a本书收录了自20世纪50年代以来摇滚乐历史上具有重要影响的400个摇滚巨星及乐队,前言部分有摇滚乐简史、音乐风格流派及著名音乐节的介绍。附录部分包括巨星及乐队的中西文名称对照及索引。
461  0 @12001 @a紫图速查手册丛书
510 1  @aRock Music Handbook@zeng
606 0  @a摇滚乐@x音乐史@y世界
606 0  @a摇滚乐@x乐队@x简介@y世界
606 0  @a摇滚乐
606 0  @a音乐史
606 0  @a乐队
690    @aJ609.15@v4
711 02 @a紫图速查手册编辑部@Azi tu su cha shou ce bian ji bu@4编著
801  0 @aCN@bNLC@c20101222
905    @a10447@dJ609.15@eJY233
    
    摇滚乐速查手册/紫图速查手册编辑部编著.-海口:南海出版公司,2003
    440页:照片;17×14cm.-(紫图速查手册丛书)
    
    
    ISBN 7-5442-2621-2:CNY48.00
    本书收录了自20世纪50年代以来摇滚乐历史上具有重要影响的400个摇滚巨星及乐队,前言部分有摇滚乐简史、音乐风格流派及著名音乐节的介绍。附录部分包括巨星及乐队的中西文名称对照及索引。
●
相关链接 在E读中查询图书 在五车中查询图书 在当当中查询图书 在豆瓣中查询图书


正题名:摇滚乐速查手册     索取号:J609.15/JY233         预约/预借

序号 登录号 条形码 馆藏地/架位号 状态 备注
1 7834424   278344249   学院路分馆/ [索取号:J609.15/JY233] 在馆    
唐山师范学院图书馆 欢迎您!
大连网信软件有限公司© 版权所有